000 00280nam a2200133Ia 4500
100 _aBabu/Subhash A
942 _cBK
654 _aAdvanced
245 _aAdvanced Manufacturing Technology
260 _bIIT
_aNew york
_c1998
300 _a313
546 _aENGLISH
999 _c20295
_d20295